<A> Closer Look at the Halloween Effect: The Case of the Dow Jones Industrial Average
Halloween efekt (HE) ako kalendárna anomália trhov. Analýza vplyvu HE na akcie "blue-chip" spoločností, zahrnutých do indexu Dow Jones Industrial Average v období 1980–2017.
Salvato in:
| Autore principale: | |
|---|---|
| Altri autori: | , |
| Natura: | Capitolo di libro |
| Lingua: | inglese |
| Soggetti: | |
| Tags: |
Nessun Tag, puoi essere il primo ad aggiungerne!!
|
MARC
| LEADER | 00000nla a2200000 4500 | ||
|---|---|---|---|
| 001 | 0247803 | ||
| 005 | 20240502083701.9 | ||
| 041 | 0 | |a eng | |
| 044 | |a CH | ||
| 245 | 1 | 0 | |a <A> Closer Look at the Halloween Effect: The Case of the Dow Jones Industrial Average |c Peter Arendas, Viera Malacka, Maria Schwarzova |
| 520 | |a Halloween efekt (HE) ako kalendárna anomália trhov. Analýza vplyvu HE na akcie "blue-chip" spoločností, zahrnutých do indexu Dow Jones Industrial Average v období 1980–2017. | ||
| 610 | 2 | 0 | |a trh finančný |
| 610 | 2 | 0 | |a trh finančný medzinárodný |
| 610 | 2 | 0 | |a trh akciový |
| 610 | 2 | 0 | |a indexy akciové |
| 100 | 1 | |a Árendáš, Peter, 1986- | |
| 700 | 1 | |a Malacká, Viera | |
| 700 | 1 | |a Schwarzová, Mária | |